LEADER 01796nas 2200589- 450 001 9910894121803321 005 20210914213022.0 035 $a(OCoLC)865132447 035 $a(CKB)2670000000485481 035 $a(CONSER)--2014261015 035 $a(DE-599)ZDB2744429-6 035 $a(EXLCZ)992670000000485481 100 $a20131212a20139999 --- - 101 0 $aeng 135 $aur||||||||||| 181 $ctxt$2rdacontent 182 $cc$2rdamedia 183 $acr$2rdacarrier 200 00$aArchives of craniorofacial sciences 210 1$aBhopal, India :$cBharat Paper House,$d[2013]- 215 $a1 online resource 311 08$a2321-9580 517 1 $aACOFS 531 0 $aArch. craniorofac. sci. 606 $aSkull$xWounds and injuries$vPeriodicals 606 $aFace$xWounds and injuries$vPeriodicals 606 $aSkull$xSurgery$vPeriodicals 606 $aFace$xSurgery$vPeriodicals 606 $aFace$xSurgery$2fast$3(OCoLC)fst00919548 606 $aFace$xWounds and injuries$2fast$3(OCoLC)fst00919552 606 $aSkull$xSurgery$2fast$3(OCoLC)fst01120243 606 $aSkull$xWounds and injuries$2fast$3(OCoLC)fst01120247 606 $aSkull 606 $aFace 606 $aMouth Diseases 608 $aPeriodicals.$2fast 608 $aPeriodical. 615 0$aSkull$xWounds and injuries 615 0$aFace$xWounds and injuries 615 0$aSkull$xSurgery 615 0$aFace$xSurgery 615 7$aFace$xSurgery. 615 7$aFace$xWounds and injuries. 615 7$aSkull$xSurgery. 615 7$aSkull$xWounds and injuries. 615 2$aSkull. 615 2$aFace. 615 2$aMouth Diseases. 906 $aJOURNAL 912 $a9910894121803321 996 $aArchives of craniorofacial sciences$94266362 997 $aUNINA LEADER 01160nam 2200253la 450 001 9910482618003321 005 20221102161833.0 035 $a(UK-CbPIL)2090368202 035 $a(CKB)5500000000092994 035 $a(EXLCZ)995500000000092994 100 $a20221102d1582 uy | 101 0 $aita 135 $aurcn||||a|bb| 200 10$aCompendio dell'arte essorcistica, et possibilita? delle mirabili, et stupende operatione delli demoni, et dei malefici. Con li rimedii opportuni alle infermita? maleficiali / ... Con una copiosissima gionta dell'istesso autore 210 $aBologna $cGiovanni Rossi$d1582 215 $aOnline resource ([10] leaves, 614 p., [29] leaves : t.p. in red & black with woodcut border , (8vo)) 300 $aReproduction of original in The Wellcome Library, London. 700 $aMenghi$b Girolamo$f1529-1609.$0909614 801 0$bUk-CbPIL 801 1$bUk-CbPIL 906 $aBOOK 912 $a9910482618003321 996 $aCompendio dell'arte essorcistica, et possibilitą delle mirabili, et stupende operatione delli demoni, et dei malefici. Con li rimedii opportuni alle infermitą maleficiali$92035508 997 $aUNINA